00325nam a2200121Ia 4500008004100000041000800041082001200049100001900061245004500080260003800125300003300163365000700196240624s9999 xx 000 0 und d aeng a368 TRI aTRIPATHY MANAS aGENERAL INSURANCE BUSINESS OPERATIONS AN c2009aNew DelhibCengage Learning axviii, : 170 : p. : cm. ; 23 cRS